AZ Alkmaar players (2010-2020) - Statistics

General Stats
  • This quiz has been taken 9 times
  • The average score is 39 of 106
Answer Stats
Rank Player Positions Nationality Matches Goals (assists) Period % Correct
74 Yukinari Sugawara RB 16 2 (1) 2019-2020
83%
44 Calvin Stengs AM 48 8 (11) 2016-2020
67%
11 Celso Ortiz DM 90 1 (1) 2010-2016
67%
60 Fred Friday ST 27 7 (2) 2016-2018
67%
28 Jozy Altidore ST 67 38 (8) 2011-2013
67%
5 Markus Henriksen CB 108 26 (14) 2012-2017
67%
52 Myron Boadu ST 33 17 (8) 2017-2020
67%
27 Oussama Idrissi LW 69 24 (16) 2017-2020
67%
33 Pantelis Hatzidiakos CB 60 3 (2) 2015-2020
67%
34 Rasmus Elm CM 60 15 (13) 2010-2012
67%
42 Sergio Rochet GK 51 0 (0) 2014-2017
67%
20 Teun Koopmeiners AM 83 20 (7) 2017-2020
67%
23 Viktor Elm CB 80 6 (6) 2012-2015
67%
57 Albert Gudmundsson CF 29 6 (4) 2018-2020
50%
16 Alireza Jahanbakhsh RW 85 34 (25) 2015-2018
50%
17 Fredrik Midtsjø CM 85 3 (10) 2017-2020
50%
49 Guus Hupperts RW 41 3 (3) 2014-2016
50%
25 Guus Til AM 76 23 (9) 2016-2019
50%
61 Héctor Moreno CB 27 1 (2) 2010-2011
50%
3 Jóhann Berg Gudmundsson RW 115 9 (11) 2010-2014
50%
7 Jonas Svensson RB 96 5 (16) 2016-2020
50%
71 Jordy Clasie DM 18 0 (0) 2019-2020
50%
30 Maarten Martens AM 62 12 (26) 2010-2014
50%
9 Marco Bizot GK 92 0 (1) 2017-2020
50%
2 Mattias Johansson RB 125 6 (8) 2011-2017
50%
89 Mounir El Hamdaoui ST 7 1 (0) 2015-2016
50%
31 Nemanja Gudelj DM 61 16 (6) 2013-2015
50%
32 Niklas Moisander CB 61 1 (1) 2010-2013
50%
50 Owen Wijndal LB 40 1 (6) 2016-2020
50%
41 Ragnar Klavan CB 55 0 (1) 2010-2012
50%
15 Ron Vlaar CB 87 5 (2) 2015-2020
50%
8 Roy Beerens RW 93 13 (14) 2011-2014
50%
66 Sergio Romero GK 23 0 (0) 2010-2011
50%
12 Simon Poulsen LB 90 8 (8) 2010-2012, 2013-2015
50%
90 Thomas Lam CB 6 0 (0) 2012-2013
50%
51 Vincent Janssen ST 34 27 (5) 2015-2016
50%
35 Wout Weghorst ST 60 31 (10) 2016-2018
50%
79 Zakaria Aboukhlal RW 12 0 (0) 2019-2020
50%
10 Adam Maher CM 91 13 (15) 2010-2013, 2018-2019
33%
36 Aron Jóhannsson ST 58 29 (9) 2012-2015
33%
43 Ben Rienstra CM 50 1 (4) 2015-2017
33%
67 Bjørn Johnsen ST 22 6 (0) 2018-2019
33%
38 Brett Holman AM 56 9 (17) 2010-2012
33%
13 Dabney dos Santos AM 88 12 (23) 2014-2018
33%
68 Dani de Wit AM 22 3 (2) 2019-2020
33%
77 Denni Avdic ST 13 0 (0) 2013-2014
33%
86 Dorin Rotariu RW 8 0 (0) 2018-2019
33%
1 Esteban Alvarado GK 134 0 (0) 2010-2015
33%
40 Etiënne Reijnen CB 55 2 (3) 2011-2014
33%
69 Giliano Wijnaldum LB 20 0 (1) 2010-2011, 2012-2013
33%
103 Gill Swerts RB 1 0 (0) 2010-2011
33%
80 Gino Coutinho GK 11 0 (0) 2015-2016
33%
70 Graziano Pellè ST 18 6 (1) 2010-2011
33%
94 Håkon Evjen CM 3 0 (0) 2019-2020
33%
54 Iliass Bel Hassani AM 31 1 (5) 2016-2018
33%
55 Jan Wuytens CB 31 0 (1) 2013-2015
33%
19 Jeffrey Gouweleeuw CB 83 4 (3) 2013-2016
33%
21 Joris van Overeem DM 81 7 (18) 2015-2018
33%
53 Kolbeinn Sigthórsson ST 32 15 (2) 2010-2011
33%
58 Levi García ST 29 2 (4) 2015-2018
33%
18 Mats Seuntjens LW 84 9 (9) 2016-2019
33%
65 Mikhail Rosheuvel RW 23 1 (0) 2012-2013, 2014-2015
33%
37 Muamer Tankovic RW 58 10 (7) 2014-2017
33%
4 Nick Viergever CB 110 5 (8) 2010-2014
33%
48 Pontus Wernbloom CM 44 6 (6) 2010-2012
33%
88 Rajko Brezancic LB 8 1 (0) 2015-2016
33%
92 Ramon Leeuwin CB 5 0 (0) 2019-2020
33%
24 Ridgeciano Haps LB 77 3 (4) 2013-2017
33%
45 Robert Mühren ST 47 11 (3) 2014-2017
33%
26 Steven Berghuis RW 70 19 (12) 2012-2015
33%
6 Stijn Wuytens CB 102 1 (6) 2015-2020
33%
22 Thomas Ouwejan LB 81 2 (12) 2015-2020
33%
39 Thom Haye DM 56 1 (5) 2013-2016
33%
93 Tijjani Reijnders CM 4 0 (1) 2017-2018, 2019-2020
33%
64 Wesley Hoedt CB 25 2 (0) 2013-2015
33%
73 Willie Overtoom AM 16 1 (2) 2012-2014
33%
100 Achille Vaarnold RW 1 0 (0) 2015-2016
17%
101 Ali Messaoud AM 1 0 (0) 2012-2013
17%
46 Charlison Benschop ST 45 6 (5) 2010-2012
17%
29 Derrick Luckassen CB 65 5 (0) 2014-2017
17%
14 Dirk Marcellis CB 88 0 (6) 2010-2013, 2014-2015
17%
102 Djavan Anderson RM 1 0 (0) 2014-2015
17%
56 Donny Gorter LB 30 1 (4) 2012-2014
17%
47 Erik Falkenburg AM 44 10 (0) 2010-2013
17%
72 Ferdy Druijf ST 17 1 (0) 2017-2020
17%
84 Fernando Lewis RB 10 0 (0) 2011-2012, 2013-2014, 2015-2017
17%
78 Jeremy Helmer AM 12 1 (1) 2016-2019
17%
91 Joey Didulica GK 5 0 (0) 2010-2011
17%
81 Jonathas ST 11 3 (1) 2010-2011
17%
75 Jop van der Linden CB 14 1 (1) 2015-2016
17%
104 Joris Kramer CB 1 0 (0) 2019-2020
17%
95 Kenzo Goudmijn CM 2 0 (0) 2018-2020
17%
87 Kew Jaliens CB 8 0 (0) 2010-2011
17%
96 Leon Bergsma CB 2 0 (0) 2018-2019
17%
105 Levi Opdam RB 1 0 (0) 2015-2016
17%
82 Marko Vejinović DM 11 0 (4) 2017-2019
17%
106 Mees Hoedemakers DM 1 0 (0) 2017-2018
17%
85 Nick van der Velden LW 10 1 (0) 2010-2011
17%
97 Ondrej Mihalik ST 2 0 (0) 2017-2018
17%
62 Rens van Eijden CB 26 0 (1) 2016-2018
17%
63 Ricardo van Rhijn RB 25 1 (1) 2017-2019
17%
98 Rody de Boer GK 2 0 (0) 2019-2020
17%
83 Ruud Boymans ST 11 1 (0) 2011-2013
17%
59 Stijn Schaars DM 29 1 (6) 2010-2011
17%
99 Stijn Spierings CM 2 0 (0) 2014-2015
17%
76 Tim Krul GK 14 0 (0) 2016-2017
17%
No matching quizzes found
Score Distribution
Percent of People with Each Score
Percentile by Number Answered
Your Score History
You have not taken this quiz